000 00912nam0a22002411 4500
001 rc\4575593
005 20260407221220.0
021 _aRU
_bРг6544-65
035 _a(NLR Aleph) 008376110
090 _a9088438
_c9088438
100 _a20130416d1965 |||y0rusy50 ca
101 0 _arus
102 _aRU
105 _ay j |||||
200 1 _aМатериалы к лекции на тему: "Моральный кодекс строителя коммунизма и религиозные поучения о нравственности"
_eДля студентов КСХИ
_fЛекторская группа ЦК ЛКСМ Молдавии
210 _aКишинев
_cБ. и.
_d1965
215 _a22 с.
_d22
712 0 2 _aЛКСМ Молдавии
_bЦК
_3RU\NLR\AUTH\8810148005
_9790495
801 0 _aRU
_bNLR
_gpsbo
801 1 _aRU
_bELAR
_2rusmarc
852 _aNLR
_j65-4/13529
942 _cBOOK
980 _aNB